000 00626nam a2200241Ia 4500
003 OSt
005 20220924122354.0
006 a|||||r|||| 00| 0
007 ta
008 220923b |||||||| |||| 00| 0 urd d
020 _c7.50
024 _a319051
037 _cTextual
040 _aARTS
_cARTS
_burd
041 _2urd
_aurd
082 _aO168,4M80x, K1
100 _aAbdul Haq Au.
_91299
245 0 _aUrdu-e-musaffa
260 _aLahore
_bSayed Abu Tameem Pakistan
_c1961
650 _aURDU LETTERS
942 _hO168,4M80x, K1
_cTEXL
_2CC
999 _c411377
_d411377